Media leksykon PWN

Na minha lista:
Detalhes bibliográficos
Outros Autores: Banaszkiewicz-Zygmunt, Edyta
Formato: Livro
Idioma:polonês
Publicado em: Warszawa Wydawnictwo Naukowe PWN 2000
Assuntos:
Tags: Adicionar Tag
Sem tags, seja o primeiro a adicionar uma tag!

MARC

LEADER 00000nam a2200000 4500
001 c123617
005 20221108083313.3
020 |a 83-01-13069-5 
041 0 |a pol 
044 |a PL 
245 1 0 |a Media  |b leksykon PWN  |c pod redakcja Edyty Banaszkiewicz-Zygmunt 
264 1 |a Warszawa  |b Wydawnictwo Naukowe PWN  |c 2000 
300 |a 280 s. 
610 2 0 |a médiá 
610 2 0 |a terminológia 
610 2 0 |a pojmy 
700 1 |a Banaszkiewicz-Zygmunt, Edyta